Štruktúra dlhodobého hmotného majetku účtovnej jednotky a jej vplyv na výšku odpisov bakalárska práca

Na minha lista:
Detalhes bibliográficos
Autor principal: Ševčíková, Adriana
Autor Corporativo: Fakulta hospodárskej informatiky EU. Katedra účtovníctva a audítorstva
Outros Autores: Sigetová, Katarína, 1995-
Formato: Livro
Idioma:eslovaco
Publicado em: Bratislava 2022
Tags: Adicionar Tag
Sem tags, seja o primeiro a adicionar uma tag!

MARC

LEADER 00000nbm a2200000 4500
001 0286108
005 20230123150603.2
041 0 |a slo 
044 |a SK 
245 1 0 |a Štruktúra dlhodobého hmotného majetku účtovnej jednotky a jej vplyv na výšku odpisov  |b bakalárska práca  |c Adriana Ševčíková ; školiteľ: Katarína Sigetová 
264 1 |a Bratislava  |c 2022 
300 |a 47 s. 
100 1 |a Ševčíková, Adriana 
700 1 |a Sigetová, Katarína, 1995- 
710 2 |a Fakulta hospodárskej informatiky EU. Katedra účtovníctva a audítorstva